000 00304nam a2200109Ia 4500
008 171211s9999 xx 000 0 und d
245 _aTesting Prayer: Science and Healing
245 _cCandy Gunther Brown
260 _c2012
650 _xReligion
856 _uhttp://down.ebook777.com/061/0674064674.pdf
999 _c350536
_d350536